Normal view
MARC view
- Popov, V.
Entry Personal Name
001 - CONTROL NUMBER
- control field: 6376
003 - CONTROL NUMBER IDENTIFIER
- control field: NUST
005 - DATE AND TIME OF LATEST TRANSACTION
- control field: 20171115104650.0
008 - FIXED-LENGTH DATA ELEMENTS
- fixed length control field: 171115|| aca||aabn | a|a d
040 ## - CATALOGING SOURCE
- Original cataloging agency: NUST
- Transcribing agency: NUST
100 ## - HEADING--PERSONAL NAME
- Personal name: Popov, V.
- Fuller form of name: (Viktor),
- Dates associated with a name: 1961-
670 ## - SOURCE DATA FOUND
- Source citation: Work cat.: (NUST)0: International Conference on Waste Management and the Environment (2nd : 2004 : Rhodes, Greece) 6374, Waste management and the environment II /, c2004.
